000 00530pab a2200181 454500
008 180718b2005 xxu||||| |||| 00| 0 eng d
100 _aAndrews, Mathew
245 _aIntroduction to symposium on budgeting and financial management reform implementation
260 _c2005
300 _ap.203-11.
650 _aPublic finance
650 _aBudgetary control
650 _aFinancial management
650 _aBudget
700 _aTurkewitz, Joel
773 _aInternational Journal of Public Administration
909 _a65852
999 _c65852
_d65852